| 000 | 00412nam a2200157 i 4500 | ||
|---|---|---|---|
| 001 | 65114 | ||
| 003 | ES-MaACL | ||
| 005 | 20230906165312.0 | ||
| 007 | t| | ||
| 008 | 040108s1973 sp ||||1| spa d | ||
| 100 | 1 |
_aFraile, Medardo. _952103 |
|
| 245 | 1 | 3 |
_aLa penĂșltima Inglaterra / _cMedardo Fraile. |
| 260 |
_aMadrid : _bSala, _c[1973] |
||
| 300 |
_a166 p. ; _c22 cm. |
||
| 852 |
_aES-MaACL _jC-54858 _bR.87625 |
||
| 999 |
_c65114 _d65114 |
||